01375cam a2200301 i 45000010009000000050017000090080041000260100017000670200018000840400028001020420008001300430012001380500022001500820020001721000020001922450068002122640108002803000028003883360021004163370025004373380023004625050403004856500031008886510029009196510040009486510038009886510047010261775035520230124093546.0130523s2013 dcu b 001 0 eng  a 2013019577 a9781421411682 aDLCbengcDLCerdadDLC apcc an-us---00aHF1756b.K84 201300a382.973,KRI2231 aKrist, William.10aGlobalization and America's trade agreements / cWilliam Krist. 1aWashington, D.C. :bWoodrow Wilson Center Press ;aBaltimore :bJohns Hopkins University Press,c[2013] axvi, 283 pages ;c24 cm atext2rdacontent aunmediated2rdamedia avolume2rdacarrier a U.S. Trade Policy in Crisis (Page-1), America’s Trade Agreements (Page-23), Trade Agreements and Economic Theory (Page-67), Trade Agreements and U.S. Commercial Interests (Page-95), Foreign Policy: The Other Driver (Page-132), Economic Development: A Missed Opportunity (Page-156), Uneasy Neighbors: Trade and the Environment (Page-183), The Labor Dilemma (Page-211), The Way Forward (Page-231). 0aFree tradezUnited States. 0aUnited StatesxCommerce. 0aUnited StatesvCommercial treaties. 0aUnited StatesxCommercial policy. 0aUnited StatesxForeign economic relations.